Word Ladder: Exile on Main St. Quiz Stats

Quiz Updated Jul 11, 2016

Challenge
Share
Tweet
Embed
Score 0/39 Timer 05:00
1 Play Today
Clue 4-Letter Word % Correct
Dickens' 'A ___ of Two Cities'TALE
98.1%
Center section of the EarthCORE
97.8%
Settlement smaller than a cityTOWN
97.8%
Ten cents AmericanDIME
97.5%
Nebraska's nick-namesake cropCORN
97.3%
Roused another from sleepWOKE
97.2%
Pests in your hairLICE
97%
Had clothing onWORE
96.8%
Abbr. for Atlanta-based soda co. COKE
96.6%
♪ ___ and Frayed ♪♪TORN♪
96.5%
Domesticate an animalTAME
96.4%
A time when prices are loweredSALE
95.8%
♪ Good ___ Women ♪♪TIME♪
95.8%
A metallic thin electrical conductorWIRE
95.7%
♪ Stop Breaking ___♪DOWN♪
95.6%
Recognizably identicalSAME
95.5%
Tomato, chicken noodle, Italian, e.g.SOUP
95%
Castle piece in ChessROOK
94.8%
One-third of a yardFOOT
94.8%
Hit out of play in baseballFOUL
94.5%
Clue 4-Letter Word % Correct
Ascend or fly through the airSOAR
94.2%
♪ Shake ____ Hips ♪♪YOUR♪
94.1%
Footwear underneath the shoeSOCK
93.7%
One of the five basic tastesSOUR
93.7%
Where Santa carries toysSACK
93.7%
Cleansing needSOAP
93.7%
♪ ____ Survivor ♪♪SOUL♪
93.6%
Steal or pillageLOOT
92.4%
Silly Tarot card FOOL
92.4%
Lounge or kitchen, e.g.ROOM
92.1%
Tool for weaving fabricsLOOM
91.4%
♪ ___s Off ♪♪ROCK♪
91%
♪ Tumbling ___♪DICE♪
89.4%
♪ All Down the ___♪LINE♪
88.6%
♪ I Just Want to See His ___♪FACE♪
88.4%
♪ Pass the ___ (Sophia Loren) ♪♪WINE♪
88.1%
1980 film or Lady Gaga albumFAME
87.5%
Snooker triangleRACK
81.7%
Horse, foot, auto, e.g.RACE
80.4%

Today's Daily Dose

You're not logged in!

Compare scores with friends on all Sporcle quizzes.
Join for Free
OR
Log In

You Might Also Like...

Show Comments

Extras

Top Quizzes Today


Score Distribution

Your Account Isn't Verified!

In order to create a playlist on Sporcle, you need to verify the email address you used during registration. Go to your Sporcle Settings to finish the process.

Report this User

Report this user for behavior that violates our Community Guidelines.

Details: